000 00458nam a2200157Ia 4500
008 160316s2012 xxu||||| |||| 00| 0 eng d
082 _a346.046730
_bSHA
100 _aShalev Nir
245 _aUnder the guise of legality: Israel's declarations of State Land in the West Bank , Feb. 2012
250 _a
260 _a
_bB'Tselem
_c2012
300 _a60
_b
_c
365 _b
650 _a1. Legality - policy 2. Land laws
700 _aStein Yael
_aShulman Zvi
999 _c36441
_d36441